[Event "Miedzynarodowy Turniej Szachowy w Kowale"]
[Site "UKS Orlik Kowalewo Pomorskie"]
[Date "2008.07.09"]
[Round "7.5"]
[White "Walkusz, Witoslaw"]
[Black "Khamitskiy, Sergei"]
[Result "0-1"]
[WhiteElo "2151"]
[BlackElo "2324"]
[PlyCount "96"]
[EventDate "2008.??.??"]

1. e4 e6 2. d4 d5 3. Nd2 Nf6 4. e5 Nfd7 5. Bd3 c5 6. c3 Nc6 7. Ne2 cxd4 8. cxd4
f6 9. exf6 Qxf6 10. Nf3 h6 11. O-O Bd6 12. Bb1 O-O 13. Qd3 Rd8 14. a3 Nf8 15.
Nc3 Bd7 16. Re1 Be8 17. b4 a6 18. Qe3 Rac8 19. Bd2 Bg6 20. Ne5 Bxb1 21. Raxb1
Bxe5 22. dxe5 Qf5 23. Na4 Nd7 24. f4 b5 25. Nb2 d4 26. Qd3 Ne7 27. Rbc1 Nb6 28.
Rxc8 Rxc8 29. Qxf5 Nxf5 30. Rc1 Nc4 31. Nd3 Rd8 32. Be1 g5 33. g3 Kf7 34. Kf2
gxf4 35. gxf4 h5 36. Kf3 Rg8 37. Bf2 Ke7 38. a4 Rc8 39. a5 Kf7 40. Ke2 Rg8 41.
Rg1 Rd8 42. Nc5 Rd5 43. Nxa6 d3+ 44. Kd1 Nce3+ 45. Kd2 Nc4+ 46. Kc3 d2 47. Rd1
Rd8 48. Kc2 Rc8 {zapis nieczytelny} 0-1

[Event "Miedzynarodowy Turniej Szachowy w Kowale"]
[Site "UKS Orlik Kowalewo Pomorskie"]
[Date "2008.07.09"]
[Round "7.6"]
[White "Jaroch, Pawel"]
[Black "Kubicki, Marek"]
[Result "1/2-1/2"]
[WhiteElo "2255"]
[BlackElo "2154"]
[PlyCount "28"]
[EventDate "2008.??.??"]

1. e4 c6 2. d4 d5 3. Nc3 dxe4 4. Nxe4 Nd7 5. Bc4 Ngf6 6. Ng5 e6 7. Qe2 Nb6 8.
Bd3 h6 9. N5f3 c5 10. dxc5 Bxc5 11. Ne5 Qc7 12. Ngf3 Bd7 13. O-O Bd6 14. Bd2
Bc6 1/2-1/2

[Event "Miedzynarodowy Turniej Szachowy w Kowale"]
[Site "UKS Orlik Kowalewo Pomorskie"]
[Date "2008.07.09"]
[Round "7.7"]
[White "Wisniewski, Adam"]
[Black "Rogala, Robert"]
[Result "1-0"]
[WhiteElo "2090"]
[BlackElo "2007"]
[PlyCount "109"]
[EventDate "2008.??.??"]

1. e4 d6 2. d4 Nf6 3. Nd2 g6 4. Ngf3 Bg7 5. Be2 O-O 6. O-O c6 7. c3 Nbd7 8. Qc2
c5 9. Re1 Ne8 10. Nf1 b6 11. Ng3 Bb7 12. Bg5 h6 13. Be3 Nef6 14. e5 Ng4 15. e6
Nxe3 16. fxe3 fxe6 17. Qxg6 Rf6 18. Qg4 Qe8 19. Nh4 Rf7 20. Qxe6 Nf6 21. Nh5
Qc8 22. Nxg7 Kxg7 23. Nf5+ Kf8 24. Qxc8+ Bxc8 25. Rf1 Bxf5 26. Rxf5 e6 27. Rf3
Ke7 28. Bd3 Rg8 29. Raf1 Rff8 30. h3 e5 31. dxe5 dxe5 32. Rf5 Nd7 33. Bb5 Rxf5
34. Rxf5 Rd8 35. b4 Rc8 36. Bxd7 Kxd7 37. Rxe5 cxb4 38. cxb4 Rc4 39. Rd5+ Ke6
40. Rd4 Rc3 41. Rh4 Rxe3 42. Rxh6+ Ke5 43. a4 Ra3 44. a5 bxa5 45. bxa5 Kf4 46.
a6 Ra2 47. Kh2 Kg5 48. Rc6 Kh4 49. Rd6 Ra3 50. g3+ Kh5 51. h4 Kg4 52. Rd4+ Kf5
53. Rd5+ Kg4 54. Rg5+ Kf3 55. Rg6 1-0

[Event "Miedzynarodowy Turniej Szachowy w Kowale"]
[Site "UKS Orlik Kowalewo Pomorskie"]
[Date "2008.07.09"]
[Round "7.8"]
[White "Sosnowski, Daniel"]
[Black "Flazinski, Jozef"]
[Result "1/2-1/2"]
[WhiteElo "1959"]
[BlackElo "2036"]
[PlyCount "96"]
[EventDate "2008.??.??"]

1. e4 c5 2. Nf3 a6 3. a4 Nc6 4. d4 cxd4 5. c3 dxc3 6. Nxc3 e6 7. Bc4 Nf6 8. O-O
Nxe4 9. Nxe4 d5 10. Qe2 dxe4 11. Rd1 Qb6 12. Qxe4 Bc5 13. Ng5 Bxf2+ 14. Kh1 f5
15. Qe2 O-O 16. Qh5 h6 17. Nxe6 Ne5 18. Nxf8+ Nxc4 19. Qe8 Nd6 20. Qe7 Bc5 21.
Be3 Bxe3 22. Rxd6 Qxb2 23. Re1 Bc5 24. Ng6 Bxd6 25. Qxd6 Qf6 26. Qd5+ Kh7 27.
Ne7 Qf8 28. h4 a5 29. h5 Ra6 30. Ng6 Rxg6 31. hxg6+ Kxg6 32. Rc1 Qf6 33. g3 Be6
34. Qxb7 Qe5 35. Qb6 Kh7 36. Qf2 Qe4+ 37. Kh2 Qxa4 38. Qb2 Qg4 39. Qe5 f4 40.
gxf4 Qh3+ 41. Kg1 Qg3+ 42. Kf1 Bh3+ 43. Ke2 Qg2+ 44. Ke1 a4 45. Qe2 Qg1+ 46.
Kd2 Qd4+ 47. Qd3+ Qxd3+ 48. Kxd3 Be6 1/2-1/2

[Event "Miedzynarodowy Turniej Szachowy w Kowale"]
[Site "UKS Orlik Kowalewo Pomorskie"]
[Date "2008.07.09"]
[Round "7.9"]
[White "Plichta, Kamil"]
[Black "Zielinski, Stanislaw"]
[Result "0-1"]
[WhiteElo "2014"]
[BlackElo "2145"]
[PlyCount "84"]
[EventDate "2008.??.??"]

1. d4 Nf6 2. c4 g6 3. Nc3 Bg7 4. e4 d6 5. Nf3 O-O 6. Be2 e5 7. O-O c6 8. Be3
Qe7 9. d5 c5 10. Ne1 Ne8 11. a3 f5 12. f3 f4 13. Bf2 g5 14. g4 fxg3 15. hxg3
Bh3 16. Ng2 Bc8 17. g4 Nd7 18. Ne3 Ndf6 19. Nf5 Bxf5 20. exf5 e4 21. fxe4 Nxe4
22. Nxe4 Qxe4 23. Re1 Be5 24. Qd3 Qf4 25. Qf3 Qh2+ 26. Kf1 Nf6 27. Rab1 h5 28.
gxh5 g4 29. Qg2 Qf4 30. Kg1 g3 31. Rf1 Qg5 32. Bxg3 Qxg3 33. Qxg3+ Bxg3 34. b4
Ne4 35. Rbc1 Kf7 36. Bd3 Rae8 37. Rc2 Be5 38. Kg2 Rg8+ 39. Kf3 Rg3+ 40. Kxe4
Bd4+ 41. Kf4 Ree3 42. f6 Kxf6 0-1

[Event "Miedzynarodowy Turniej Szachowy w Kowale"]
[Site "UKS Orlik Kowalewo Pomorskie"]
[Date "2008.07.09"]
[Round "7.10"]
[White "Kobus, Maciej"]
[Black "Zurkowski, Andrzej"]
[Result "0-1"]
[WhiteElo "2004"]
[BlackElo "2062"]
[PlyCount "57"]
[EventDate "2008.??.??"]

1. e4 c5 2. Nf3 e6 3. d4 cxd4 4. Nxd4 Nf6 5. Nc3 Bb4 6. Bd3 Nc6 7. Nxc6 bxc6 8.
e5 Nd5 9. Bd2 Qa5 10. O-O Nxc3 11. bxc3 Bxc3 12. Bxc3 Qxc3 13. f4 O-O 14. Kh1
f5 15. Rb1 a5 16. Rf3 Qc5 17. Qe2 Ra7 18. Bc4 a4 19. Rd1 Rb7 20. Rc3 Qa5 21.
Qd2 Rb2 22. h3 c5 23. Kh2 h6 24. Rg1 Bb7 25. g4 fxg4 26. f5 Rxf5 27. Rxg4 Qc7
28. Rcg3 Rf7 29. Rxg7+ 0-1

[Event "Miedzynarodowy Turniej Szachowy w Kowale"]
[Site "UKS Orlik Kowalewo Pomorskie"]
[Date "2008.07.09"]
[Round "7.11"]
[White "Marchlewicz, Kamil"]
[Black "Klugiewicz, Jozef"]
[Result "1-0"]
[WhiteElo "2045"]
[BlackElo "1999"]
[PlyCount "87"]
[EventDate "2008.??.??"]

1. c4 Nf6 2. Nc3 d6 3. g3 e5 4. Bg2 Nc6 5. e4 Bg4 6. f3 Be6 7. d3 Qc8 8. Be3
Be7 9. Qd2 a5 10. Nd5 Bd8 11. h4 Nd4 12. Bxd4 exd4 13. Ne2 c6 14. Nxf6+ Bxf6
15. g4 h6 16. Kf2 Qd8 17. g5 Be7 18. f4 Bg4 19. Nxd4 Qb6 20. Qe3 d5 21. Nb3
Qxe3+ 22. Kxe3 a4 23. Nd2 dxc4 24. Nxc4 Rd8 25. d4 c5 26. d5 b5 27. Ne5 Bc8 28.
Nc6 Rd7 29. Bh3 Rc7 30. Nxe7 Kxe7 31. e5 Ra7 32. d6+ Kd8 33. Bxc8 Kxc8 34. Rac1
c4 35. Kd4 Kb7 36. f5 hxg5 37. hxg5 Rxh1 38. Rxh1 a3 39. bxa3 Rxa3 40. e6 fxe6
41. fxe6 Rd3+ 42. Kc5 Rg3 43. e7 Rxg5+ 44. Kb4 1-0

[Event "Miedzynarodowy Turniej Szachowy w Kowale"]
[Site "UKS Orlik Kowalewo Pomorskie"]
[Date "2008.07.09"]
[Round "7.12"]
[White "Krzywkowski, Marcin"]
[Black "Sankiewicz, Grzegorz"]
[Result "1-0"]
[WhiteElo "1909"]
[BlackElo "2002"]
[PlyCount "101"]
[EventDate "2008.??.??"]

1. e4 c5 2. Nf3 d6 3. d4 cxd4 4. Nxd4 Nf6 5. Nc3 a6 6. Bg5 e5 7. Bxf6 Qxf6 8.
Nd5 Qd8 9. Ne2 Nc6 10. Nec3 Nd4 11. Bd3 Be6 12. O-O f6 13. a4 Rc8 14. f4 h5 15.
a5 Rh6 16. Nb6 Rc6 17. Ncd5 Bxd5 18. exd5 Rxb6 19. axb6 Qxb6 20. Kh1 Qc5 21. c3
Nb5 22. Bxb5+ Qxb5 23. Qa4 Qd7 24. Qb3 Be7 25. Ra4 Bd8 26. c4 a5 27. Raa1 b6
28. Rac1 h4 29. fxe5 fxe5 30. Qf3 Rf6 31. Qh5+ Qf7 32. Qe2 Qg6 33. Rxf6 gxf6
34. Rf1 f5 35. c5 bxc5 36. Qd3 e4 37. Qb5+ Ke7 38. Qb7+ Ke8 39. Qc8 f4 40. Rxf4
e3 41. Qc6+ Ke7 42. Qb7+ Ke8 43. Qb5+ Ke7 44. Qf1 Kd7 45. Rf7+ Ke8 46. Rf8+ Ke7
47. Rf3 Kd7 48. Rxe3 Bf6 49. Qb5+ Kc8 50. Qc6+ Kb8 51. Rb3+ 1-0

[Event "Miedzynarodowy Turniej Szachowy w Kowale"]
[Site "UKS Orlik Kowalewo Pomorskie"]
[Date "2008.07.09"]
[Round "7.13"]
[White "Staroszczyk, Mateusz"]
[Black "Zebracki, Jaroslaw"]
[Result "1-0"]
[WhiteElo "2027"]
[BlackElo "1906"]
[PlyCount "63"]
[EventDate "2008.??.??"]

1. e4 e6 2. d4 d5 3. e5 c5 4. c3 Nc6 5. Nf3 Bd7 6. Bd3 Qb6 7. dxc5 Bxc5 8. O-O
f6 9. b4 Be7 10. Re1 O-O-O 11. a4 Nxe5 12. Nxe5 fxe5 13. Rxe5 Bd6 14. Rg5 e5
15. Na3 e4 16. Bb5 Be6 17. Be3 Qc7 18. Qd4 a6 19. Qa7 axb5 20. Bb6 Qxc3 21. Bd4
Bb8 22. Qxb8+ Kxb8 23. Bxc3 d4 24. Rd1 Bb3 25. Rxd4 Nf6 26. axb5 Rxd4 27. Bxd4
Rd8 28. Be5+ Kc8 29. h3 Rd7 30. Rg3 Ba4 31. Nc4 Nd5 32. Ra3 1-0

[Event "Miedzynarodowy Turniej Szachowy w Kowale"]
[Site "UKS Orlik Kowalewo Pomorskie"]
[Date "2008.07.09"]
[Round "8.1"]
[White "Maciejewski, Miroslaw"]
[Black "Murawski, Wieslaw"]
[Result "1/2-1/2"]
[WhiteElo "2295"]
[BlackElo "2097"]
[PlyCount "34"]
[EventDate "2008.??.??"]

1. e4 e5 2. Nf3 Nc6 3. Bb5 a6 4. Ba4 Nf6 5. O-O Be7 6. Re1 b5 7. Bb3 d6 8. c3
O-O 9. h3 Re8 10. d4 Bf8 11. Nbd2 h6 12. a4 Bb7 13. Bc2 exd4 14. cxd4 Nb4 15.
Bb1 c5 16. d5 Nd7 17. Ra3 f5 1/2-1/2

[Event "Miedzynarodowy Turniej Szachowy w Kowale"]
[Site "UKS Orlik Kowalewo Pomorskie"]
[Date "2008.07.09"]
[Round "8.2"]
[White "Jaroch, Karol"]
[Black "Nguyen, Piotr"]
[Result "1-0"]
[WhiteElo "2158"]
[BlackElo "2329"]
[PlyCount "55"]
[EventDate "2008.??.??"]

1. e4 d6 2. d4 g6 3. Nc3 Bg7 4. Be3 a6 5. Qd2 Nd7 6. f3 b5 7. g4 c5 8. dxc5
Nxc5 9. a4 b4 10. Nd5 Bxb2 11. Rb1 Bg7 12. Qxb4 Nf6 13. Nb6 a5 14. Qd2 Ra7 15.
Bxc5 dxc5 16. Bb5+ Nd7 17. Nxc8 Qxc8 18. Rd1 f5 19. gxf5 gxf5 20. Ne2 fxe4 21.
fxe4 Rf8 22. Rg1 Rf7 23. Qd5 Qc7 24. Qh5 Qe5 25. Qxe5 Bxe5 26. Rg8+ Rf8 27.
Bxd7+ Rxd7 28. Rxf8+ 1-0

[Event "Miedzynarodowy Turniej Szachowy w Kowale"]
[Site "UKS Orlik Kowalewo Pomorskie"]
[Date "2008.07.09"]
[Round "8.3"]
[White "Kubicki, Marek"]
[Black "Budrewicz, Krzysztof"]
[Result "0-1"]
[WhiteElo "2154"]
[BlackElo "2333"]
[PlyCount "120"]
[EventDate "2008.??.??"]

1. e4 d5 2. exd5 Nf6 3. Bb5+ Bd7 4. Bc4 Bg4 5. f3 Bf5 6. Nc3 c6 7. dxc6 Nxc6 8.
Nge2 e5 9. Bb5 Bc5 10. Na4 Bd6 11. Bxc6+ bxc6 12. Ng3 Bg6 13. O-O O-O 14. d3
Nd5 15. Ne4 Bc7 16. Bg5 f6 17. Bd2 f5 18. Ng3 Qh4 19. c4 Qd4+ 20. Kh1 Ne3 21.
Bxe3 Qxe3 22. Qe2 Qg5 23. Nc5 Qe7 24. Nb3 Rfe8 25. Rae1 h5 26. Rf2 a5 27. Qc2
a4 28. Nd2 h4 29. Ngf1 Bb6 30. Rfe2 Qc5 31. Ne3 Qd4 32. c5 Bxc5 33. Qc4+ Kh7
34. Rc1 Ba7 35. Nc2 Qxc4 36. Nxc4 e4 37. dxe4 fxe4 38. fxe4 Rxe4 39. Rxe4 Bxe4
40. Nd6 Bxc2 41. Rxc2 Rd8 42. Rxc6 Bb8 43. Rc4 g5 44. Rxa4 Rxd6 45. Kg1 Rd1+
46. Kf2 Bxh2 47. Rb4 Be5 48. Rb5 Bf6 49. Ke2 Rb1 50. Ra5 Rxb2+ 51. Kf3 Kg6 52.
a4 Rb3+ 53. Kf2 Kh5 54. Rd5 Rb2+ 55. Kf3 Ra2 56. Rf5 Bc3 57. Rc5 Bb4 58. Rc4
Be1 59. Rc1 Bg3 60. Rg1 Rxa4 0-1

[Event "Miedzynarodowy Turniej Szachowy w Kowale"]
[Site "UKS Orlik Kowalewo Pomorskie"]
[Date "2008.07.09"]
[Round "8.4"]
[White "Khamitskiy, Sergei"]
[Black "Wisniewski, Adam"]
[Result "1-0"]
[WhiteElo "2324"]
[BlackElo "2090"]
[PlyCount "41"]
[EventDate "2008.??.??"]

1. d4 e6 2. c4 d5 3. g3 Nf6 4. Bg2 Be7 5. Nf3 O-O 6. O-O c6 7. Nbd2 Nbd7 8. Qc2
b6 9. Rd1 Bb7 10. e4 Rc8 11. b3 c5 12. exd5 exd5 13. Bb2 dxc4 14. Nxc4 Bxf3 15.
Bxf3 b5 16. d5 bxc4 17. d6 cxb3 18. axb3 Bxd6 19. Rxd6 Qc7 20. Rad1 Rfd8 21.
Qd2 1-0

[Event "Miedzynarodowy Turniej Szachowy w Kowale"]
[Site "UKS Orlik Kowalewo Pomorskie"]
[Date "2008.07.09"]
[Round "8.5"]
[White "Paprocki, Jaroslaw"]
[Black "Jaroch, Pawel"]
[Result "1-0"]
[WhiteElo "2218"]
[BlackElo "2255"]
[PlyCount "55"]
[EventDate "2008.??.??"]

1. d4 d6 2. e4 Nf6 3. Nc3 g6 4. f3 c6 5. Be3 b5 6. a4 b4 7. Nb1 a5 8. Nd2 Bg7
9. g4 h5 10. g5 Nfd7 11. f4 Nb6 12. Ngf3 Qc7 13. Bd3 c5 14. Qe2 Bg4 15. Bb5+
N8d7 16. dxc5 dxc5 17. e5 O-O 18. h3 Bf5 19. O-O-O Rfc8 20. Nh4 e6 21. Nxf5
exf5 22. Nc4 Nf8 23. Rd6 Nxc4 24. Bxc4 Qe7 25. Rhd1 Ne6 26. Bxe6 fxe6 27. Qc4
Re8 28. Rd7 1-0

[Event "Miedzynarodowy Turniej Szachowy w Kowale"]
[Site "UKS Orlik Kowalewo Pomorskie"]
[Date "2008.07.09"]
[Round "8.6"]
[White "Krasiewicz, Robert"]
[Black "Walkusz, Witoslaw"]
[Result "0-1"]
[WhiteElo "2136"]
[BlackElo "2151"]
[PlyCount "116"]
[EventDate "2008.??.??"]

1. c4 f5 2. d4 g6 3. g3 Nf6 4. Bg2 Bg7 5. Nc3 d6 6. Nh3 O-O 7. d5 c5 8. Nf4 Na6
9. h4 Nc7 10. h5 Qe8 11. hxg6 hxg6 12. Qb3 Rb8 13. a4 a6 14. a5 Bd7 15. Bd2 Ng4
16. Nd1 Kf7 17. Ne3 Nxe3 18. Bxe3 Rh8 19. Rxh8 Bxh8 20. Rb1 Na8 21. Qd3 b5 22.
Ne6 bxc4 23. Qxc4 Rb4 24. Qxa6 Qb8 25. Qd3 Rxb2 26. Rxb2 Qxb2 27. Qd1 Bc3+ 28.
Kf1 Ba4 29. Qc1 Qxc1+ 30. Bxc1 Bxa5 31. e4 Bb5+ 32. Kg1 Bd3 33. exf5 gxf5 34.
Nf4 Bc2 35. Bf3 Bc3 36. Ne6 Nb6 37. Bg5 Bf6 38. Bh5+ Kg8 39. Bxf6 exf6 40. Nc7
Kf8 41. Nb5 Ke7 42. Nc3 Be4 43. Bg6 Nxd5 44. Nxe4 fxe4 45. Bxe4 Nb4 46. Kf1 d5
47. Bg6 c4 48. Ke2 d4 49. f4 c3 50. Be4 c2 51. Kd2 d3 52. Bxd3 Nxd3 53. Kxc2
Nf2 54. Kb3 Ke6 55. Kc4 Kf5 56. Kd5 Kg4 57. Ke6 f5 58. Ke5 Nh1 0-1

[Event "Miedzynarodowy Turniej Szachowy w Kowale"]
[Site "UKS Orlik Kowalewo Pomorskie"]
[Date "2008.07.09"]
[Round "8.7"]
[White "Zielinski, Stanislaw"]
[Black "Marchlewicz, Kamil"]
[Result "1-0"]
[WhiteElo "2145"]
[BlackElo "2045"]
[PlyCount "109"]
[EventDate "2008.??.??"]

1. e4 c6 2. d4 d5 3. f3 e6 4. Be3 dxe4 5. Nd2 exf3 6. Ngxf3 Nf6 7. Ne5 Nbd7 8.
Ndf3 Bd6 9. c3 Qc7 10. Nc4 O-O 11. Nxd6 Qxd6 12. Bd3 Nd5 13. Bd2 e5 14. O-O
exd4 15. cxd4 N7f6 16. Qe1 Nf4 17. Bc4 Bg4 18. Qe5 Qxe5 19. Nxe5 Ne2+ 20. Kh1
Bh5 21. g4 Ne4 22. Be3 N2g3+ 23. hxg3 Nxg3+ 24. Kg2 Nxf1 25. Rxf1 Bg6 26. Nxg6
hxg6 27. Rf3 Rad8 28. Bb3 a6 29. a4 Rd7 30. a5 Rc8 31. Kf2 Kf8 32. Ke2 Rb8 33.
d5 cxd5 34. Bc5+ Kg8 35. Ba4 Rc7 36. b4 Rbc8 37. Rc3 f6 38. Kd3 g5 39. Kd4 g6
40. Kxd5 Kg7 41. Ke6 Rf7 42. Rf3 Rcc7 43. Be8 Rf8 44. Bxf8+ Kxf8 45. Bxg6 Kg7
46. Bf5 Rc4 47. Rb3 Rc6+ 48. Kd7 Rc4 49. b5 Ra4 50. b6 Rc4 51. Rh3 Rc5 52. Rh7+
Kg8 53. Ke6 Rxa5 54. Rxb7 Rb5 55. Kxf6 1-0

[Event "Miedzynarodowy Turniej Szachowy w Kowale"]
[Site "UKS Orlik Kowalewo Pomorskie"]
[Date "2008.07.09"]
[Round "8.8"]
[White "Zurkowski, Andrzej"]
[Black "Kuchnio, Przemyslaw"]
[Result "1-0"]
[WhiteElo "2062"]
[BlackElo "2091"]
[PlyCount "47"]
[EventDate "2008.??.??"]

1. d4 d5 2. c4 e5 3. dxe5 d4 4. Nf3 Nc6 5. Nbd2 Nge7 6. Nb3 Nf5 7. e4 dxe3 8.
Qxd8+ Nxd8 9. fxe3 Bb4+ 10. Kf2 Be7 11. Bd2 Ne6 12. Bd3 Nh4 13. Bc3 Ng6 14.
Rad1 O-O 15. Rhe1 Nc5 16. Nxc5 Bxc5 17. b4 Be7 18. Be4 Re8 19. a3 c6 20. c5 Bg4
21. Rd4 Bxf3 22. Bxg6 fxg6 23. gxf3 Bh4+ 24. Rxh4 1-0

[Event "Miedzynarodowy Turniej Szachowy w Kowale"]
[Site "UKS Orlik Kowalewo Pomorskie"]
[Date "2008.07.09"]
[Round "8.9"]
[White "Tarkowski, Michal"]
[Black "Sosnowski, Daniel"]
[Result "1/2-1/2"]
[WhiteElo "2073"]
[BlackElo "1959"]
[PlyCount "82"]
[EventDate "2008.??.??"]

1. d4 Nf6 2. c4 e6 3. Bg5 c6 4. Nf3 Qa5+ 5. Bd2 Bb4 6. a3 Bxd2+ 7. Qxd2 Qh5 8.
Nc3 d5 9. e3 O-O 10. Be2 Ne4 11. Qc2 f5 12. O-O Nd7 13. Ne5 Qh6 14. Nxd7 Bxd7
15. f4 g5 16. Bd3 gxf4 17. Rxf4 Rf6 18. Bxe4 dxe4 19. Raf1 Rg6 20. Qf2 Kh8 21.
Qh4 Qg7 22. R4f2 Rg8 23. g3 Rg4 24. Qh3 Qg5 25. Rf4 h5 26. Kh1 Rg7 27. Rxg4
Qxg4 28. Qxg4 hxg4 29. Ne2 Kg8 30. Nf4 Kf7 31. b4 b6 32. c5 Rg8 33. Rc1 b5 34.
a4 Rb8 35. a5 Kf6 36. Kg2 Rh8 37. Rh1 Be8 38. h3 gxh3+ 39. Rxh3 Rxh3 40. Kxh3
e5 41. dxe5+ Kxe5 1/2-1/2

[Event "Miedzynarodowy Turniej Szachowy w Kowale"]
[Site "UKS Orlik Kowalewo Pomorskie"]
[Date "2008.07.09"]
[Round "8.10"]
[White "Flazinski, Jozef"]
[Black "Staroszczyk, Mateusz"]
[Result "0-1"]
[WhiteElo "2036"]
[BlackElo "2027"]
[PlyCount "92"]
[EventDate "2008.??.??"]

1. e4 c5 2. Nf3 e6 3. c3 d5 4. e5 Qb6 5. d4 Bd7 6. Bd3 Bb5 7. O-O Bxd3 8. Qxd3
cxd4 9. cxd4 Nc6 10. Nc3 Nge7 11. Na4 Qc7 12. Bd2 Ng6 13. h4 h5 14. Rac1 Be7
15. Nc5 Nxh4 16. Nxh4 Bxh4 17. Qb5 O-O 18. Be3 Rfb8 19. Qe2 g6 20. Rc3 Be7 21.
Rfc1 Bxc5 22. Rxc5 Rc8 23. Bg5 Nxd4 24. Qd2 Nc6 25. Bf6 Kh7 26. R1c3 Qb6 27.
Qg5 Rh8 28. Bxh8 Kxh8 29. Rf3 f5 30. Rg3 Rg8 31. Rcc3 Qxb2 32. Rb3 Qa1+ 33. Kh2
Rg7 34. Rxb7 Nxe5 35. Rxg7 Kxg7 36. Qe7+ Nf7 37. Qxe6 Ne5 38. Qe7+ Kh6 39. f3
Qd4 40. Qg5+ Kh7 41. Qe7+ Kg8 42. Qe8+ Kg7 43. Qe7+ Nf7 44. Qe1 Qh4+ 45. Kg1 d4
46. Qf2 Qf4 0-1

[Event "Miedzynarodowy Turniej Szachowy w Kowale"]
[Site "UKS Orlik Kowalewo Pomorskie"]
[Date "2008.07.09"]
[Round "8.11"]
[White "Sankiewicz, Grzegorz"]
[Black "Rogala, Robert"]
[Result "0-1"]
[WhiteElo "2002"]
[BlackElo "2007"]
[PlyCount "86"]
[EventDate "2008.??.??"]

1. d4 Nf6 2. Nf3 g6 3. g3 Bg7 4. Bg2 O-O 5. O-O d6 6. c4 Nbd7 7. Nc3 c5 8. e4
cxd4 9. Nxd4 Ne5 10. b3 Nfd7 11. f4 Ng4 12. Na4 Nc5 13. Rb1 Nxa4 14. bxa4 Qa5
15. Rb5 Qc3 16. Ne2 Qxc4 17. h3 a6 18. Rd5 e6 19. Rg5 Nh6 20. f5 Qc5+ 21. Kh2
f6 22. fxe6 fxg5 23. e7 Re8 24. Qb3+ Kh8 25. Ba3 Qe5 26. Rf8+ Bxf8 27. exf8=Q+
Rxf8 28. Bb2 Re8 29. Qb6 Nf7 30. Bd4 Kg8 31. Bxe5 dxe5 32. Nc3 Be6 33. Nd5 Bxd5
34. exd5 Rad8 35. Qxb7 Rd6 36. Be4 Red8 37. Kg2 Rf6 38. a5 Nd6 39. Qe7 Rdf8 40.
Bf3 Rxf3 41. Qxd6 Rf2+ 42. Kg1 Rf1+ 43. Kg2 R8f2# 0-1

[Event "Miedzynarodowy Turniej Szachowy w Kowale"]
[Site "UKS Orlik Kowalewo Pomorskie"]
[Date "2008.07.09"]
[Round "8.12"]
[White "Krzywkowski, Marcin"]
[Black "Kobus, Maciej"]
[Result "0-1"]
[WhiteElo "1909"]
[BlackElo "2004"]
[PlyCount "88"]
[EventDate "2008.??.??"]

1. d4 Nf6 2. c4 g6 3. g3 Bg7 4. Bg2 O-O 5. e4 d6 6. Ne2 e5 7. O-O Nc6 8. d5 Ne7
9. Nbc3 Nd7 10. f4 f5 11. fxe5 Nxe5 12. Qb3 Kh8 13. Bg5 Bf6 14. Bxf6+ Rxf6 15.
Nb5 Bd7 16. Nbd4 c5 17. Nb5 a6 18. Nxd6 Qc7 19. Qxb7 Qxb7 20. Nxb7 Rb6 21. Nxc5
Rxb2 22. Nd4 Rc8 23. Nxd7 Nxd7 24. Rfc1 fxe4 25. Bxe4 Nc5 26. Rc2 Rb4 27. Bf3
Kg7 28. Bg4 Rd8 29. Re1 Nxd5 30. Nc6 Nf6 31. Nxb4 Nxg4 32. Nd5 g5 33. Re7+ Kg6
34. Rc7 Nd3 35. Rc6+ Kf5 36. Re2 Nge5 37. Ne3+ Ke4 38. Ng4+ Kf3 39. Rxe5 Nxe5
40. Nxe5+ Ke4 41. Nf7 Rd1+ 42. Kg2 g4 43. Re6+ Kf5 44. Re2 Kf6 0-1

[Event "Miedzynarodowy Turniej Szachowy w Kowale"]
[Site "UKS Orlik Kowalewo Pomorskie"]
[Date "2008.07.09"]
[Round "8.13"]
[White "Zebracki, Jaroslaw"]
[Black "Plichta, Kamil"]
[Result "1/2-1/2"]
[WhiteElo "1906"]
[BlackElo "2014"]
[PlyCount "95"]
[EventDate "2008.??.??"]

1. e4 e5 2. d4 Nc6 3. d5 Nce7 4. c4 Ng6 5. Nf3 Bc5 6. Bd3 d6 7. h3 Nf6 8. Nc3
a6 9. b4 Ba7 10. O-O O-O 11. Ne2 Nh5 12. Qc2 a5 13. bxa5 Bc5 14. Bd2 h6 15.
Rab1 Qf6 16. Rb3 Bxh3 17. Rxb7 Bg4 18. Nh2 Bxe2 19. Bxe2 Ng3 20. Bf3 Nxf1 21.
Nxf1 Nf4 22. Ne3 Nh3+ 23. Kf1 Ng5 24. Be2 Ra7 25. Rb5 Qf4 26. Bd3 Qh2 27. Ke1
Rfa8 28. a4 g6 29. Bf1 Qf4 30. Bd3 h5 31. Qb1 Kh7 32. Ke2 h4 33. Qh1 Nxe4 34.
Bxe4 Qxe4 35. f3 Qf4 36. Ng4 Qxc4+ 37. Ke1 g5 38. Bxg5 Bb4+ 39. Rxb4 Qxb4+ 40.
Ke2 Qc4+ 41. Kf2 Qc2+ 42. Ke3 Rh8 43. Qxh4+ Kg8 44. Nf6+ Kg7 45. Ne8+ Kg8 46.
Nf6+ Kg7 47. Ne8+ Kg8 48. Nf6+ 1/2-1/2

[Event "Miedzynarodowy Turniej Szachowy w Kowale"]
[Site "UKS Orlik Kowalewo Pomorskie"]
[Date "2008.07.10"]
[Round "9.1"]
[White "Khamitskiy, Sergei"]
[Black "Maciejewski, Miroslaw"]
[Result "1-0"]
[WhiteElo "2324"]
[BlackElo "2295"]
[PlyCount "79"]
[EventDate "2008.??.??"]

1. d4 Nf6 2. c4 g6 3. Nc3 Bg7 4. e4 d6 5. h3 O-O 6. Nf3 a6 7. Bd3 c5 8. d5 e6
9. a4 exd5 10. cxd5 Nbd7 11. O-O Re8 12. Re1 Qe7 13. Bf4 Nh5 14. Bh2 Ne5 15.
Be2 Rb8 16. Nxe5 Bxe5 17. Bxh5 Bxh2+ 18. Kxh2 Qe5+ 19. g3 Qxh5 20. Qxh5 gxh5
21. f4 f6 22. Re3 Bd7 23. Rae1 b5 24. axb5 Bxb5 25. e5 dxe5 26. Ne4 Rf8 27.
Nxc5 Bc4 28. b3 Bxd5 29. Nd7 e4 30. Nxf8 Kxf8 31. Rd1 Rb5 32. g4 h4 33. b4 Ke7
34. Ra3 Bb7 35. Rd4 Ke6 36. Kg1 h6 37. Kf2 f5 38. Ke3 fxg4 39. hxg4 h3 40. g5
1-0

[Event "Miedzynarodowy Turniej Szachowy w Kowale"]
[Site "UKS Orlik Kowalewo Pomorskie"]
[Date "2008.07.10"]
[Round "9.2"]
[White "Budrewicz, Krzysztof"]
[Black "Paprocki, Jaroslaw"]
[Result "1/2-1/2"]
[WhiteElo "2333"]
[BlackElo "2218"]
[PlyCount "43"]
[EventDate "2008.??.??"]

1. d4 Nf6 2. c4 e6 3. Nf3 b6 4. g3 Ba6 5. Qc2 Bb4+ 6. Bd2 Bxd2+ 7. Nbxd2 d5 8.
Bg2 O-O 9. O-O c6 10. Rfe1 Nbd7 11. Rac1 Rc8 12. Qa4 Bxc4 13. Nxc4 b5 14. Qxa7
bxc4 15. b3 cxb3 16. axb3 Ra8 17. Qb7 Rb8 18. Qxc6 Rxb3 19. Ne5 Nxe5 20. dxe5
Nd7 21. e4 Nxe5 22. Qc2 1/2-1/2

[Event "Miedzynarodowy Turniej Szachowy w Kowale"]
[Site "UKS Orlik Kowalewo Pomorskie"]
[Date "2008.07.10"]
[Round "9.3"]
[White "Wisniewski, Adam"]
[Black "Jaroch, Karol"]
[Result "0-1"]
[WhiteElo "2090"]
[BlackElo "2158"]
[PlyCount "60"]
[EventDate "2008.??.??"]

1. e4 e6 2. d4 d5 3. e5 c5 4. c3 Nc6 5. Nf3 Qb6 6. Be2 cxd4 7. cxd4 Nge7 8. Nc3
Nf5 9. Kf1 Be7 10. a3 a6 11. Na4 Qd8 12. b4 h5 13. Be3 h4 14. h3 Nxe3+ 15. fxe3
f6 16. Rc1 O-O 17. Kg1 fxe5 18. dxe5 Bg5 19. Qd3 d4 20. Nxg5 Qxg5 21. Rxc6 bxc6
22. exd4 Qc1+ 23. Bd1 a5 24. Nc5 axb4 25. Nb3 Qc3 26. Qg6 Qg3 27. Bc2 Qxg6 28.
Bxg6 Rxa3 29. Bc2 Ba6 30. Kh2 Rf1 0-1

[Event "Miedzynarodowy Turniej Szachowy w Kowale"]
[Site "UKS Orlik Kowalewo Pomorskie"]
[Date "2008.07.10"]
[Round "9.4"]
[White "Murawski, Wieslaw"]
[Black "Zielinski, Stanislaw"]
[Result "1-0"]
[WhiteElo "2097"]
[BlackElo "2145"]
[PlyCount "89"]
[EventDate "2008.??.??"]

1. e4 c6 2. d4 d5 3. Nc3 g6 4. e5 Bg7 5. Nf3 h5 6. Bd3 Nh6 7. O-O Bg4 8. h3
Bxf3 9. Qxf3 e6 10. Ne2 Nd7 11. Nf4 Nf8 12. c3 Qc7 13. b3 O-O-O 14. Ba3 Nf5 15.
Bxf5 exf5 16. Bd6 Rxd6 17. exd6 Qxd6 18. Rfe1 Bh6 19. Nd3 Ne6 20. Ne5 Ng5 21.
Qd3 Qc7 22. c4 dxc4 23. bxc4 Bg7 24. Rab1 Rd8 25. Qa3 Rxd4 26. Qxa7 Bxe5 27.
Rxe5 Qxe5 28. Qxb7+ Kd8 29. Qa7 Ke8 30. Qa8+ Rd8 31. Qxc6+ Kf8 32. a4 Kg7 33.
Qb5 Qxb5 34. cxb5 Ne4 35. a5 Nd6 36. b6 Nc4 37. b7 Rb8 38. a6 Nd6 39. a7 Rxb7
40. Rxb7 Nxb7 41. a8=Q Nc5 42. f4 Ne4 43. g4 hxg4 44. hxg4 Nd6 45. Qd5 1-0